| 000 | 01300nam a2200325Ia 4500 | ||
|---|---|---|---|
| 001 | ebr10308295 | ||
| 003 | CaPaEBR | ||
| 006 | m u | ||
| 007 | cr cn||||||||| | ||
| 008 | 081106s2009 mau sb 001 0 eng d | ||
| 010 | _z 2008047762 | ||
| 020 | _z9780631236191 (hardcover : alk. paper) | ||
| 020 | _z9780631236207 (pbk. : alk. paper) | ||
| 040 |
_aCaPaEBR _cCaPaEBR |
||
| 035 | _a(OCoLC)647810602 | ||
| 050 | 1 | 4 |
_aBV2100 _b.R554 2009eb |
| 100 | 1 | _aRobert, Dana Lee. | |
| 245 | 1 | 0 |
_aChristian mission _h[electronic resource] : _bhow Christianity became a world religion / _cDana L. Robert. |
| 260 |
_aMalden, MA : _bWiley-Blackwell, _c2009. |
||
| 300 | _axi, 214 p. | ||
| 490 | 1 | _aBlackwell brief histories of religion series | |
| 504 | _aIncludes bibliographical references and index. | ||
| 533 |
_aElectronic reproduction. _bPalo Alto, Calif. : _cebrary, _d2011. _nAvailable via World Wide Web. _nAccess may be limited to ebrary affiliated libraries. |
||
| 650 | 0 |
_aMissions _xHistory. |
|
| 650 | 0 | _aChurch history. | |
| 655 | 7 |
_aElectronic books. _2local |
|
| 710 | 2 | _aebrary, Inc. | |
| 830 | 0 | _aBlackwell brief histories of religion. | |
| 856 | 4 | 0 |
_uhttp://site.ebrary.com/lib/rucke/Doc?id=10308295 _zAn electronic book accessible through the World Wide Web; click to view |
| 999 |
_c61513 _d61513 |
||